Hodnocení aplikace strategie udržatelného rozvoje na podnikové úrovni

Vymedzenie pojmu udržateľný rozvoj v ekonomickej teórii. Aplikácia a koncept udržateľného rozvoja. Aplikácia stratégie udržateľného rozvoja na podnikovej úrovni. Nástroje udržateľného rozvoja. Metodika pre zisťovanie aplikácie udržateľného rozvoja v podniku. Návrh metodológie, ktorou by sa dala ho...

Ausführliche Beschreibung

Gespeichert in:
Bibliographische Detailangaben
1. Verfasser: Kožená, Marcela
Format: Buchkapitel
Sprache:Tschechisch
Schlagworte:
Tags: Tag hinzufügen
Keine Tags, Fügen Sie das erste Tag hinzu!

MARC

LEADER 00000naa$a2200000$$$4500
001 0060227
005 20231102111153.1
041 0 |a cze 
044 |a SK 
245 1 0 |a Hodnocení aplikace strategie udržatelného rozvoje na podnikové úrovni  |c Marcela Kožená 
520 |a Vymedzenie pojmu udržateľný rozvoj v ekonomickej teórii. Aplikácia a koncept udržateľného rozvoja. Aplikácia stratégie udržateľného rozvoja na podnikovej úrovni. Nástroje udržateľného rozvoja. Metodika pre zisťovanie aplikácie udržateľného rozvoja v podniku. Návrh metodológie, ktorou by sa dala hodnotiť miera aplikácie stratégie udržateľného rozvoja na podnikovej úrovni. 
610 2 0 |a podnik 
610 2 0 |a Česko 
610 2 0 |a teórie ekonomické 
610 2 0 |a metodológia 
610 2 0 |a rozvoj trvalo udržateľný 
100 1 |a Kožená, Marcela